000 01173nam a2200325 a 4500
001 000025137
003 OSt
005 20250721101125.0
008 110210s1979 mx r 000 0 spa d
040 _aDO-SdBNP
_bspa
_cBNPHU
100 1 _aBeranek, William,
_d1946-
_951534
245 1 0 _aAdministración del capital de trabajo /
_cWilliam Beranek ; traducción de Alberto García M.
260 _aMéxico, D. F. :
_bEdiciones Contables y administrativas,
_c1976.
300 _a166 p. ;
_c22 cm.
490 1 _aWadsworth en finanzas
500 _aIncluye notas al pie de las páginas.
500 _aIncluye índice alfabético.
500 _aLa biblioteca posee la primera reimpresión del 1979
504 _aIncluye referencias bibliográficas
534 _aTítulo original en inglés :
_tWorking capital management
590 _aInventariado, 2020/ YL
650 4 _aCapital de trabajo
_951535
650 0 _aInventarios
_951536
650 4 _aAdministración financiera
_96342
650 4 _aInversiones de capital
_951537
700 1 _aGarcía M., Alberto,
_etr.
_951538
830 _aWadsworth en finanzas
_950332
910 _aEn proceso
942 _2ddc
_cLF1
999 _c24630
_d24630